000 00961nam a22003377a 4500
001 0004291
003 KOHA_MİRAKIL
005 20260207001407.0
007 ta
008 090424b1999 tu |||gr||||#||||0|tur |
020 _a9755910522
040 _aTR-BiSEU
_btur
_cTR-BiSEU
_erda
041 0 _atur
044 _ctu
050 _aJX846
_b.T87 1999
245 0 _aTürkiye'nin uluslararası hukuk mevzuatı/
_ceditör Enver Bozkurt.
250 _a2. bs.
264 1 _aAnkara :
_bNobel Yayın Dağıtım
_c1999
300 _aviii, 760 sayfa
336 _ametin
_btxt
_2rdacontent
337 _aaracısız
_bn
_2rdamedia
338 _acilt
_bnc
_2rdacarrier
490 1 _aYayın ;
_vno.
490 1 _a75.
650 0 _aUluslararası hukuk--Türkiye.
_910547
650 0 _aTurkey--Foreign relations--Treaties.
_910548
650 0 _aInternational law--Turkey--Sources.
_910549
830 1 _aYayın ;
_vno.
_91557
830 1 _a75.
_97339
942 _2lcc
_cBK
999 _c4273
_d4273